| 000 | 00433cam a22001457a 4500 | ||
|---|---|---|---|
| 008 | 180718b1974 xxu||||| |||| 00| 0 eng d | ||
| 082 | _aY26 M474 | ||
| 100 | _aMehta, Balraj | ||
| 245 |
_aIndia and the world oil crisis _cby Balraj Mehta |
||
| 260 |
_aNew Delhi _bSterling _c1974 |
||
| 300 | _a148p. | ||
| 650 | _aWorld politics --1945-1989 | ||
| 650 | _aPetroleum industry and trade | ||
| 650 | _aPetroleum industry and trade --India | ||
| 999 |
_c350470 _d350470 |
||